000 00700nam a22002173a 4500
005 20250321063750.0
008 010924s1998 es r 000 0 spa d
020 _a8449304458
035 _aUPN01000111933
049 _aCG
050 4 _aP94.7
_bM8.68
100 1 _aMucchielli, Alex,
_d1943-
_941716
245 1 0 _aPsicología de la comunicación /
_cAlex Mucchielli ; tr. de Charo Lacalle Zalduendo.
260 _aBarcelona, Esp.:
_bPaidós,
_c1998.
300 _a270 p.
440 0 _aPaidós comunicación ;
_v83
534 _aTraducción de:
_tPsychologie de la comumnication
650 4 _aComunicación interpersonal
_96549
650 2 _aComunicación -
_xInvestigación
_92288
905 _aLibro
999 _c85841
_d85841